Scotland Rugby - 75 or more caps - Statistics

General Stats
  • This quiz has been taken 128 times
    61 since last reset
  • The average score is 4 of 11
Answer Stats
Caps Years Active Player % Correct
109 1999-2011 Chris Paterson
76%
110 2004-2017 Ross Ford
59%
82 1993-2003 Gregor Townsend
53%
105 2004-2016 Sean Lamont
36%
85 2002-2012 Mike Blair
26%
76 2007-2019 John Barclay
24%
87 1997-2007 Scott Murray
22%
77 2000-2011 Nathan Hines
21%
75 1997-2005 Gordon Bulloch
14%
77 2000-2009 Jason White
14%
76 2010-2019 Greig Laidlaw
9%
No matching quizzes found
Score Distribution
Percent of People with Each Score
Percentile by Number Answered
Your Score History
You have not taken this quiz since the last reset